Từ điển từ mới tiếng việt
Shranjeno v:
| Glavni avtor: | |
|---|---|
| Format: | Knjiga |
| Jezik: | Undetermined |
| Izdano: |
Tp. HCM
Tp. HCM
2002
|
| Teme: | |
| Oznake: |
Označite
Brez oznak, prvi označite!
|
| Thư viện lưu trữ: | Trung tâm Học liệu Trường Đại học Cần Thơ |
|---|
| LEADER | 00514nam a2200193Ia 4500 | ||
|---|---|---|---|
| 001 | CTU_54477 | ||
| 008 | 210402s9999 xx 000 0 und d | ||
| 020 | |b 36000 | ||
| 082 | |a 495.9223 | ||
| 082 | |b Th500 | ||
| 100 | |a Chu Bích Thu | ||
| 245 | 0 | |a Từ điển từ mới tiếng việt | |
| 245 | 0 | |c Chu Bích Thu | |
| 260 | |a Tp. HCM | ||
| 260 | |b Tp. HCM | ||
| 260 | |c 2002 | ||
| 650 | |a vietnamese language | ||
| 650 | |x vocabulary | ||
| 980 | |a Trung tâm Học liệu Trường Đại học Cần Thơ | ||